Guatemala la coyuntura actual /

Wedi'i Gadw mewn:
Manylion Llyfryddiaeth
Awduron Corfforaethol: Instituto Centroamericano de Documentación e Investigación Social, ICADIS Centro de Estudios Regionales
Fformat: Texto
Cyhoeddwyd: México, D.F.: ICADIS
Tagiau: Ychwanegu Tag
Dim Tagiau, Byddwch y cyntaf i dagio'r cofnod hwn!

MARC

LEADER 00000 a a2200000 04500
001 22367
003
040 |a CRAI/IIS  |c CRAI/IIS 
090 |a 152400  
110 |a Instituto Centroamericano de Documentación e Investigación Social  
245 |a Guatemala la coyuntura actual /  |c Instituto Centroamericano de Documentación e Investigación Social  
260 |a México, D.F.:   |b ICADIS  
300 |a p. irreg.   |b **no definido**   |b il.  
710 |a ICADIS   |a Centro de Estudios Regionales  
999 |c 17795  |d 17795